书目信息 |
| 题名: |
促进我国软件产业发展战略研究
|
|
| 作者: | 刘森 , 李孟刚 著 | |
| 分册: | ||
| 出版信息: | 北京 经济科学出版社 2013.06 |
|
| 页数: | 257页 | |
| 开本: | 20cm | |
| 丛书名: | ||
| 单 册: | ||
| 中图分类: | F426.67 | |
| 科图分类: | ||
| 主题词: | 工业经济--中国 | |
| 电子资源: | ||
| ISBN: | 978-7-5141-3399-8 | |
| 000 | 00671nam0 2200205 450 | |
| 001 | 1430401840 | |
| 005 | 20140611083504.67 | |
| 010 | @a978-7-5141-3399-8@dCNY36.00 | |
| 100 | @a20140611d2013 km y0chiy0120 ea | |
| 101 | 0 | @achi |
| 102 | @aCN@b110000 | |
| 200 | 1 | @a促进我国软件产业发展战略研究@Acu jin wo guo ruan jian chan ye fa zhan zhan lue yan jiu@f刘森,李孟刚著@Fliu sen,li meng gang zhu |
| 210 | @a北京@c经济科学出版社@d2013.06 | |
| 215 | @a257页@d20cm | |
| 606 | 0 | @a工业经济@x中国 |
| 690 | @aF426.67@v4 | |
| 701 | 0 | @a刘森@Aliu sen@4著 |
| 701 | 0 | @a李孟刚@Ali meng gang@4著 |
| 801 | 0 | @aCN@b大连网信软件有限公司图书馆·11@c20140611 |
| 905 | @aZUCC@dF426.67@eL675 | |
| 促进我国软件产业发展战略研究/刘森,李孟刚著.-北京:经济科学出版社,2013.06 |
| 257页;20cm |
| ISBN 978-7-5141-3399-8:CNY36.00 |
| ● |
| 相关链接 |
|
|
|
正题名:促进我国软件产业发展战略研究
索取号:F426.67/L675
 
预约/预借
| 序号 | 登录号 | 条形码 | 馆藏地/架位号 | 状态 | 备注 |
| 1 | 493808 | 204938087 | 社科库409/409社科库 36排5列5层/ [索取号:F426.67/L675] | 在馆 |